| 000 | 00994cam a22002651i 4500 | ||
|---|---|---|---|
| 003 | SA-RiAUC | ||
| 005 | 20250118053559.0 | ||
| 008 | 250113s1995 su g 000r0aara c | ||
| 020 | _a9960312623 | ||
| 040 |
_aSA-JeALM _bara _cSA-RiAUC _erda |
||
| 082 | 0 | 4 |
_a081 _qSA-RiAUC |
| 090 |
_a081 _bع ا ش |
||
| 100 | 1 |
_aعاشور، خلف أحمد، _d1341 هجري- _eمؤلف. |
|
| 245 | 1 | 0 |
_aأيام وأيام / _cخلف أحمد عاشور. |
| 264 | 1 |
_aجدة، السعودية : _bخلف أحمد عاشور، _c1996 |
|
| 300 |
_a346 صفحة ؛ _c24 سم |
||
| 336 |
_aنص _btxt _2rdacontent _3كتاب |
||
| 337 |
_aبدون وسيط _bn _2rdamedia |
||
| 338 |
_aمجلد _bnc _2rdacarrier |
||
| 500 | _aملاحق : صفحة 327-342. | ||
| 600 | 1 | 7 |
_aعاشور، خلف أحمد، _d1341 هجري- _vيوميات _2aucnm |
| 650 | 7 |
_aالمذكرات الأدبية _zالسعودية _yقرن 14 هجري. _2aucsh |
|
| 942 |
_2ddc _cBOOK _n0 |
||
| 949 |
_aSA-JeALM _d250113 _umohamedma123 _n1 |
||
| 999 |
_c4898 _d4898 |
||